| 000 | 00823nam a2200253 a 4500 | ||
|---|---|---|---|
| 001 | 001475960 | ||
| 003 | AR-RoUNCS | ||
| 005 | 20251107135439.0 | ||
| 008 | 190527s2019 ag ao jr 001 0 eng | ||
| 020 | _a978-950-46-5277-9 | ||
| 040 |
_aAR-BaBN _bspa _cAR-BaBN _eaacr |
||
| 080 | 1 |
_a811.111(07) _22016 |
|
| 100 | 1 |
_aDownie, Michael _eautor |
|
| 245 | 1 | 0 |
_aYes, we can! 1 : _bstudent's book + practice book / _cMichael Downie, David Gray, John M. James. |
| 250 | _a1a ed., 3a reimpr. | ||
| 260 |
_aBuenos Aires : _bSantillana, _c2019. |
||
| 300 |
_a131 p. : _bil., fot. ; _c28 cm. |
||
| 521 | 0 | _aDirigido a estudiantes que inician el aprendizaje de la lengua inglesa. | |
| 650 | 4 |
_aINGLÉS _xENSEÑANZA SECUNDARIA |
|
| 655 | 4 | _aLIBROS DE TEXTO | |
| 700 | 1 | _aGray, David | |
| 700 | 1 | _aJames, John M. | |
| 942 |
_2udc _cOG _n0 |
||
| 999 |
_c703 _d703 |
||